| 000 | 00727cam a2200193 4500 | ||
|---|---|---|---|
| 001 | WS110992 | ||
| 008 | 000000n 000 0 eng u | ||
| 035 | _a(Sirsi) u110992 | ||
| 110 |
_aConcrete Society _92612 |
||
| 245 | _aConcrete Society | ||
| 520 | _aSite for this organisation including the Concrete Directory, a searchable list of suppliers of concrete products and services. Also gives links to their journal 'Concrete' and a discussion forum. | ||
| 650 | _aCONCRETE | ||
| 650 | _aCEMENT | ||
| 650 | _aORGANISATION | ||
| 650 | _aDISCUSSION FORUM | ||
| 690 | _aBUILT ENVIRONMENT-BUILDING MATERIALS | ||
| 856 | 4 | 0 |
_uhttps://www.concrete.org.uk _zView the website free of charge at www.concrete.org.uk... |
| 942 | _n0 | ||
| 999 |
_c119789 _d119789 |
||